Teoretické a experimentálne metódy štúdia defektov v hydrogenizovanom amorfnom kremíku : Obh. 03.10.2002, č .ved. odb. 11-22-9

Enregistré dans:
Détails bibliographiques
Auteur principal: Kluvánek, Peter (Auteur)
Autres auteurs: Durný, Rudolf, 1950- (Directeur de thèse)
Format: Manuscrit Livre
Langue:slovaque
Publié: Bratislava : STU v Bratislave FEI, 2002
Sujets:
Tags: Ajouter un tag
Pas de tags, Soyez le premier à ajouter un tag!

MARC

LEADER 00000ntm a22000003a 4500
001 stu78006
005 20150617225642.4
008 021119s2002------------------------slo-d
040 |a STU  |b slo 
041 0 |a slo 
100 1 |a Kluvánek, Peter  |4 aut  |u E150  |U FEI Fakulta elektrotechniky a informatiky  |T FEI Katedra fyziky  |U E150  |Y 62 
245 1 |a Teoretické a experimentálne metódy štúdia defektov v hydrogenizovanom amorfnom kremíku :  |b Obh. 03.10.2002, č .ved. odb. 11-22-9 
260 |a Bratislava :  |b STU v Bratislave FEI,  |c 2002 
300 |a 94 s 
650 7 |a fyzika kondenzovaných látok  |2 stusub 
650 7 |a akustika  |2 stusub 
700 1 |a Durný, Rudolf,  |d 1950-  |4 ths  |u E150  |U FEI Fakulta elektrotechniky a informatiky  |T FEI Katedra fyziky  |X 2077  |U E150  |Y 62  |7 A000002077 
996 |b 284ED00142  |c E*PGŠ-841  |l EE01  |s A  |a 24  |w stu78006_0001